00797nam a2200229 i 4500003000900000005001700009007000300026008004100029020001800070040003000088041000800118082001800126100003300144245004500177264006100222300002700283336002700310337003300337338002800370500007200398500009700470DO-SdBNP20250724084534.0ta250718b2007 dr |||| |||| 00| 0 spa d a9789945420371 aDO-SdBNPbspacBNPHUerda aspa 4axxxbB1422221 aBáez, Rannel,eautor4aut.10aAzuanías bajo el sol /cRannel Báez  4aSanto Domingo :bEdiciones Ángeles de Fierro,c©2007. a76 páginas ;c21 cm. atextobtxt2rdacontent asin mediaciónbn2rdamedia avolumenbnc2rdacarrier aIncluye datos biografícos del autor en la solapa de la cubierta.  aEl número de ISBN está mal impreso en el libro, este comienza por el 9945 en vez de 978.